Suomen pelastuslaitokset - tekstivisa - Statistics

Yleistilastot
  • Tätä visaa on pelattu 32 kertaa
  • Keskiarvotulos 19 / 21
Vastaustilastot
% Oikein
EK Etelä-Karjala
100%
EP Etelä-Pohjanmaa
100%
KY Kymenlaakso
100%
LA Lappi
100%
PS Pohjois-Savo
100%
ES Etelä-Savo
97%
HE Helsinki
97%
PI Pirkanmaa
97%
PK Pohjois-Karjala
97%
PP Pohjois-Pohjanmaa
97%
VS Varsinais-Suomi
97%
IU Itä-Uusimaa
93%
KP Keski-Pohjanmaa
93%
KS Keski-Suomi
86%
LU Länsi-Uusimaa
86%
PH Päijät-Häme
86%
SA Satakunta
86%
KH Kanta-Häme
83%
KA Kainuu
79%
KU Keski-Uusimaa
76%
RP Pohjanmaa
66%
Ehtoja vastaavia visoja ei löytynyt
Tulosjakauma
Jokaisen tuloksen saaneiden osuus
Persentiili vastausten määrän mukaan
Tuloshistoriasi
Et ole pelannut tätä visaa